00313nam a2200121Ia 4500100002100000366000700021654001300028245006700041260004400108082001900152300000800171546001200179 aVollmann/ Berry  f20 aplanning aManufacturing Planning and Control for Supply Chain Management bTata Mc Graw hill Ltd.aNew Delhic2005 a658.5/VOLbVOL a712 aENGLISH